000 00803nam a2200241Ia 4500
003 OSt
005 20220923230244.0
006 a|||||r|||| 00| 0
007 ta
008 220922b |||||||| |||| 00| 0 hin d
024 _a278,895
037 _cTextual
040 _aARTS
_cARTS
_bhin
041 _2hin
_ahin
082 _aP, 152L5
100 _aजैन, प्रेमसागर
245 0 _aविश्व की मूल लिपि ब्राह्मी
246 _aVishva kī mūl lipi brāhmī
260 _aइन्दौर
_b वीर निर्वाण ग्रन्थ प्रकाशन समिति
_c1975
300 _a144पृ.
_ccm.
942 _hP, 152L5
_cTEXL
_2CC
999 _c383527
_d383527